Biblioteca y Centro de Documentación

ISAD (G) (Registro nro. 17111)

Detalles MARC
000 -CABECERA
Longitud fija campo de control 01387nam a2200361 c 4500
001 - NÚMERO DE CONTROL
Número de control 17111
003 - IDENTIFICADOR DE NÚMERO DE CONTROL
Identificador del número de control ES-MaCES
005 - FECHA Y HORA DE LA ÚLTIMA TRANSACCIÓN
Fecha y hora de la última transacción 20141221122449.0
008 - CAMPO FIJO DE DESCRIPCIÓN FIJA--INFORMACIÓN GENERAL
Códigos de información de longitud fija   041209s2000 sp t o000 | spa d
017 ## - NÚMERO DE REGISTRO DE DERECHOS DE AUTOR Y DEPÓSITO LEGAL
Número de copyright o de depósito legal M 36987-2000
Agencia que asigna el número DL
020 ## - ISBN (INTERNATIONAL STANDARD BOOK NUMBER)
Número Internacional Normalizado para Libros (ISBN) 8436934032
024 7# - OTROS IDENTIFICADORES
Número normalizado o código 176-00-134-5
Fuente del número o código nipo
035 ## - NÚMERO DE CONTROL DEL SISTEMA
Número de control del sistema CES20040015545m
040 ## - FUENTE DE CATALOGACIÓN
Centro catalogador de origen ES-MaCES
Lengua de catalogación spa
Centro transcriptor ES-MaCES
041 1# - CÓDIGO DE IDIOMA
Código de lengua del texto;banda sonora o título independiente spa
Código de lengua original eng
245 00 - MENCIÓN DE TÍTULO
Título ISAD (G)
Resto del título : Norma Internacional General de descripción archivística
Mención de responsabilidad, etc. [versión española de Asunción Navascués ... et al.]
250 ## - MENCIÓN DE EDICIÓN
Mención de edición 2ª ed.
Resto de la mención de edición / adopt. por el Comité de Normas de Descripción, Estocolmo, Suecia, 19-22 septiembre 1999
260 ## - PUBLICACIÓN, DISTRIBUCIÓN, ETC (PIE DE IMPRENTA)
Lugar de publicación, distribución, etc. Madrid
Nombre del editor, distribuidor, etc. Subdirección General de los Archivos Estatales
Fecha de publicación, distribución, etc. 2000
300 ## - DESCRIPCIÓN FÍSICA
Extensión 125 p.
Dimensiones 31 cm
500 ## - NOTA GENERAL
Nota general Traducido del inglés
500 ## - NOTA GENERAL
Nota general En la cub.: Consejo Internacional de Archivos = International Council on Archives = Conseil international des archives
541 ## - NOTA DE LA FUENTE INMEDIANTE DE ADQUISICIÓN
Forma de adquisición Gratuito
650 #4 - ASIENTO SECUNDARIO DE MATERIA--TÉRMINO DE MATERIA
Término de materia o nombre geográfico como elemento inicial archivos
9 (RLIN) 28922
650 #4 - ASIENTO SECUNDARIO DE MATERIA--TÉRMINO DE MATERIA
Término de materia o nombre geográfico como elemento inicial catalogación
9 (RLIN) 29437
650 #4 - ASIENTO SECUNDARIO DE MATERIA--TÉRMINO DE MATERIA
Término de materia o nombre geográfico como elemento inicial normalización
9 (RLIN) 28255
653 10 - TÉRMINO DE INDEXACIÓN--NO CONTROLADO
Término no controlado Biblioteconomía
700 1# - ENCABEZAMIENTO SECUNDARIO--NOMBRE PERSONAL
Nombre de persona Navascués Benlloch, Asunción
Término indicativo de función tr.
9 (RLIN) 19542
710 1# - ENCABEZAMIENTO SECUNDARIO--NOMBRE CORPORATIVO
Nombre de entidad o nombre de jurisdicción como elemento inicial España
Unidad subordinada Subdirección General de los Archivos Estatales
Término indicativo de función ed.
9 (RLIN) 3422
710 2# - ENCABEZAMIENTO SECUNDARIO--NOMBRE CORPORATIVO
Nombre de entidad o nombre de jurisdicción como elemento inicial Consejo Internacional de Archivos
9 (RLIN) 2502
902 ## - CES. TIPO DE DOCUMENTO
Tipodoc (006$c Sirtex) LIB Libro
942 ## - ELEMENTOS KOHA
Fuente de clasificaión o esquema Clasificación propia del CES
Koha [por defecto] tipo de item Monografías
Parte de clasificación 9.0.
Existencias
Número de registro Signatura completa Tipo de item de Koha
058932 SG-9.0.-145 Monografías
© CES, Consejo Económico y Social de España 2021